Advances in Horticultural Science

محفوظ في:

التنسيق: دورية

اللغة: Undetermined

منشور في: JSTOR
Dipartimento Di Scienze Delle Produzioni Vegetali, Del Suolo E Dell'Ambiente Agroforestale – DiPSA – University of Florence

الموضوعات:

الوصول للمادة أونلاين: Login to view Source

الوسوم: إضافة وسم

لا توجد وسوم, كن أول من يضع وسما على هذه التسجيلة!

رقم الطلب:

LEADER 00666nas a2200181Ia 4500
008 220214c99999999xx |||||||||||| ||und||
022 |a 0394-6169 
022 |a 1592-1573 
245 0 0 |a Advances in Horticultural Science 
264 1 |b JSTOR 
264 1 |b Dipartimento Di Scienze Delle Produzioni Vegetali, Del Suolo E Dell'Ambiente Agroforestale – DiPSA – University of Florence 
362 0 |a Vol. 1(1987)-31 (2017) 
653 1 0 |a Horticulture 
653 1 0 |a Science & Mathematics 
856 4 0 |u https://www.jstor.org/journal/advahortscie 
942 |c JL 
952 |0 0  |1 0  |4 0  |7 1  |9 33660  |a JSR  |b JSR  |d 2022-02-14  |l 0  |r 2022-02-14 00:00:00  |w 2022-02-14  |y JL 
999 |c 41994  |d 41994